00925pam a2200265 a 4500001000500000005001700005020001700022020001800039020002700057040002300084050002400107082001400131100001800145245004400163260003500207300004600242500004000288505000600328520022400334521002100558521001900579650002300598650002100621650001700642124420231204142246.0 a0531058050 : a9780545085359 a0531084051 (lib. bdg.) aDLCcDLCdDLCbeng00aPZ7.P2843bVo 2009.00a[Fic]2191 aPaulsen, Gary14aThe voyage of the Frog /cGary Paulsen. aNew York :bScholastic,c2009. a141 pages :bIllustrations, maps ;c20 cm a"A Richard Jackson book"--Half t.p. aZ aWhen David goes out on his sailboat to scatter his recently deceased uncle's ashes to the wind, he is caught in a fierce storm and must survive many days on his own as he works out his feelings about life and his uncle. a1020 bLexile  aZ bRaz-Plus  1aSurvivalxFiction. 1aUnclesxFiction. 1aSea stories.